=LDR 00000nam 2200000 4500 =001 001015 =005 20250712025659 =035 ##$$a 0010-0725000894 =007 ta =008 250712################a##########0#ind## =020 ##$$a 978-623-307-667-8 =082 ##$$a 398.209 598 802 =084 ##$$a 398.209 598 802 VEN p =100 #$$a Venkat srividhya =245 1#$$a Pesta laddu /$c Srividhya venkat =250 ##$$a Cetakan pertama =260 ##$$a Rawamangun :$b Badan pengembangan dan pembinaan bahasa,$c 2022 =300 ##$$a 22 hlm. : $b Ilus. ; $c 22 cm. =650 #4$$a Cerita anak indonesia-terjemahan =650 #4$$a Literasi-bahan bacaan